[Event "Zlin Region-chT 2223"]
[Site "Czech Republic"]
[Date "2022.11.27"]
[Round "4.7"]
[White "Paseka, Petr"]
[Black "Jablecnik, Gustav"]
[Result "1/2-1/2"]
[WhiteElo "1476"]
[BlackElo "1956"]
[PlyCount "57"]
[EventDate "2022.10.09"]
[EventType "team-tourn"]
[EventRounds "11"]
[EventCountry "CZE"]
[SourceTitle "EXT 2024"]
[Source "ChessBase"]
[SourceDate "2023.10.10"]
[SourceVersion "1"]
[SourceVersionDate "2023.10.10"]
[SourceQuality "1"]
[WhiteTeam "Valasska Bystrice Sokol"]
[BlackTeam "Kromeriz Slavia III"]
[WhiteTeamCountry "CZE"]
[BlackTeamCountry "CZE"]

1. e4 e5 2. Nf3 Nc6 3. d4 exd4 4. Bc4 Be7 5. Nxd4 d6 6. Nc3 Nf6 7. h3 a6 8. a3 0-0 9. 0-0 Nxd4 10. Qxd4 Be6 11. Be3 Bxc4 12. Qxc4 b5 13. Qd3 Nd7 14. Nd5 Re8 15. Qc3 c5 16. Qd2 Bf6 17. Nxf6+ Nxf6 18. f3 Qe7 19. Bg5 h6 20. Bxf6 Qxf6 21. c3 Rad8 22. Rad1 Re5 23. Qf2 g5 24. Rd2 Qe7 25. Rfd1 f5 26. exf5 Rxf5 27. Rd5 Rxd5 28. Rxd5 Qe6 29. Qd2 1/2-1/2

[Event "Prague-G"]
[Site "Prague"]
[Date "2019.03.16"]
[Round "9.1"]
[White "Chugunov, Arkadiy"]
[Black "Paseka, Petr"]
[Result "0-1"]
[WhiteElo "1000"]
[BlackElo "1601"]
[PlyCount "30"]
[EventDate "2019.03.09"]
[EventType "tourn"]
[EventRounds "9"]
[EventCountry "CZE"]
[SourceTitle "CBM 189 Extra"]
[Source "ChessBase"]
[SourceDate "2019.06.03"]
[SourceVersion "1"]
[SourceVersionDate "2019.06.03"]
[SourceQuality "1"]

1. e4 e5 2. Nf3 Nc6 3. Bb5 a6 4. Bxc6 dxc6 5. Nxe5 Qd4 6. Ng4 Qxe4+ 7. Ne3 Nf6 8. 0-0 Bd6 9. Re1 0-0 10. f3 Qh4 11. g3 Qh3 12. Qe2 Nd5 13. Nxd5 cxd5 14. Qe8 Rxe8 15. Rxe8+ Bf8 0-1

[Event "Prague-G"]
[Site "Prague"]
[Date "2019.03.14"]
[Round "7.1"]
[White "Stevik, Patrik"]
[Black "Paseka, Petr"]
[Result "0-1"]
[WhiteElo "1405"]
[BlackElo "1601"]
[PlyCount "102"]
[EventDate "2019.03.09"]
[EventType "tourn"]
[EventRounds "9"]
[EventCountry "CZE"]
[SourceTitle "CBM 189 Extra"]
[Source "ChessBase"]
[SourceDate "2019.06.03"]
[SourceVersion "1"]
[SourceVersionDate "2019.06.03"]
[SourceQuality "1"]

1. e4 e6 2. d4 d5 3. e5 c5 4. c3 Nc6 5. Nf3 cxd4 6. Nxd4 Nxe5 7. f4 Nc6 8. Bb5 Bd7 9. Be3 Nxd4 10. Bxd7+ Qxd7 11. Bxd4 Nf6 12. Nd2 Qb5 13. Qc2 Bc5 14. a4 Qb6 15. Be5 Bf2+ 16. Kd1 Be3 17. a5 Qb5 18. c4 dxc4 19. Nxc4 Rd8+ 20. Ke1 Ng4 21. Qa4 Qxa4 22. Rxa4 Nxe5 23. fxe5 Bc5 24. Ke2 Ke7 25. b4 Bd4 26. Ra2 Rd5 27. Kf3 Bxe5 28. Nxe5 Rxe5 29. Rc2 Rd8 30. Rc7+ Rd7 31. Rhc1 Rb5 32. R1c4 Rxc7 33. Rxc7+ Kf6 34. a6 bxa6 35. Rxa7 Rxb4 36. Rxa6 h5 37. g3 Rb2 38. h4 Rb3+ 39. Kf4 Rb4+ 40. Kf3 g5 41. hxg5+ Kxg5 42. Ra5+ Kg6 43. Ra1 Rb8 44. Rh1 Rh8 45. Rh4 Kg5 46. Ra4 h4 47. Rg4+ Kf5 48. gxh4 Rh5 49. Kg3 f6 50. Rf4+ Ke5 51. Kg4 Rxh4+ 0-1

[Event "Prague-G"]
[Site "Prague"]
[Date "2019.03.10"]
[Round "2.1"]
[White "Paseka, Petr"]
[Black "Ziogiene, Leva"]
[Result "1-0"]
[WhiteElo "1601"]
[BlackElo "1373"]
[PlyCount "61"]
[EventDate "2019.03.09"]
[EventType "tourn"]
[EventRounds "9"]
[EventCountry "CZE"]
[SourceTitle "CBM 189 Extra"]
[Source "ChessBase"]
[SourceDate "2019.06.03"]
[SourceVersion "1"]
[SourceVersionDate "2019.06.03"]
[SourceQuality "1"]

1. e4 e5 2. Nf3 d6 3. Bc4 Bg4 4. h3 Bh5 5. g4 Bg6 6. d3 Be7 7. Nc3 Nc6 8. Nd5 Qd7 9. Nxe7 Ngxe7 10. Nh4 f6 11. Nf5 Nxf5 12. exf5 Bf7 13. Bxf7+ Qxf7 14. f4 0-0-0 15. c3 Rhe8 16. Kf2 Qd5 17. Qf3 Qxf3+ 18. Kxf3 d5 19. Re1 e4+ 20. dxe4 dxe4+ 21. Rxe4 Rxe4 22. Kxe4 Rd1 23. h4 Kd7 24. b3 Re1+ 25. Kf3 b5 26. Bb2 Rxa1 27. Bxa1 Ne7 28. Ke4 c6 29. c4 a6 30. g5 fxg5 31. hxg5 1-0